| 000 | 00664nam a2200217 a 4500 | ||
|---|---|---|---|
| 001 | 015711 | ||
| 003 | BD-ChCU | ||
| 005 | 20231008122148.0 | ||
| 008 | Ben | ||
| 020 | _a৯৮৪৮০৮৮২০২ | ||
| 040 |
_aDLC _cDLC _dBD-ChCU |
||
| 082 | 0 | 0 | _a৩০৫.৩/মুহা৩৯না |
| 100 | 1 |
_aমুহাম্মদ, আনু _b- |
|
| 245 | 1 | 0 |
_aনারী, পুরুষ ও সমাজ _b- |
| 250 | _a২সং | ||
| 260 |
_aঢাকা _bসন্দেশ _c১৯৯১ |
||
| 300 | _a২৪০পূ. : | ||
| 504 | _a- Biblio- | ||
| 650 | 0 |
_aমহিলা _bসমাজ বিজ্ঞান |
|
| 942 |
_2ddc _cBK |
||
| 999 |
_c15711 _d15711 |
||